00408nam a2200169Ia 4500003000900000008004100009040001600050080001500066100002100081245003600102260003400138300001000172650001300182650001800195650001700213650000800230IN-BaIIA211028s9999 xx 000 0 eng d cIIA Library a523.9bABE aAbettin, Giorgio 4aThe suncGiorgio Abettin  aLondonbCrosby Lockwoodc1938 a360p. aArchives aSolar physics aSolar system aSun